Statistics for Greek Mythology Quiz #2

Click here to take the quiz!

General Stats

  • This quiz has been taken 85 times
  • The average score is 11 of 15

Answer Stats

HintAnswer% Correct
goddess of love and beautyAphrodite
96%
God of warAres
95%
god of the seaPoseidon
95%
Titan that has to hold up the worldAtlas
94%
hero that killed MedusaPerseus
88%
Hades' wifePersephone
87%
god of wine and revelryDionysus
85%
god of victoryNike
85%
Titan that gave humans firePrometheus
79%
God of blacksmiths and fireHephaestus
73%
goddess of natureDemeter
72%
god of animalsPan
65%
Kronos' wifeRhea
50%
god of magic, crossroads, and doorsHecate
49%
primordial of the heavensOuranos
26%

Score Distribution

Percentile by Number Answered

Percent of People with Each Score

Your Score History

You have not taken this quiz